000 00588nam a2200229Ia 4500
003 0100
005 20161220114333.0
008 130303s9999 xx 000 0 und d
020 _a0385156510
040 _cARRUPELIB
050 _aREF. BS192.2.A11964.G3 1993
100 _aLevine , Baruchi A
_928132
245 _aNumbers 1-20
250 _a1st ed.
260 _aNew york
260 _bDoubleday & Co.
300 _axvi
300 _b 526p. 24cm.
440 _aThe anchor bible : 4
_928133
650 _aBible O.T.
_xNumbers
_xCommentaries
_928134
942 _2lcc
_cMONOGRAPH
999 _c19150
_d19150